Flags of Island Nations - Statistics

General Stats
  • This quiz has been taken 99 times
    75 since last reset
  • The average score is 40 of 46
Answer Stats
Picture Answer % Correct
Japan
100%
Iceland
94%
Ireland
94%
Jamaica
94%
Philippines
94%
Sri Lanka
94%
United Kingdom
94%
Cuba
92%
Dominican Republic
92%
Indonesia
92%
New Zealand
92%
Bahrain
91%
Barbados
91%
Cyprus
91%
Malta
91%
Taiwan
91%
Papua New Guinea
89%
Singapore
89%
Brunei
88%
F.S. of Micronesia
88%
Madagascar
88%
Nauru
88%
Trinidad & Tobago
88%
Antigua and Barbuda
86%
Bahamas
86%
Comoros
86%
Fiji
86%
Kiribati
86%
Maldives
86%
Marshall Islands
86%
St. Lucia
86%
Dominica
85%
Haiti
85%
Mauritius
85%
Seychelles
85%
Cape Verde
83%
Samoa
83%
East Timor
82%
St. Vincent and the Grenadines
82%
Tonga
82%
Vanuatu
82%
Grenada
80%
Sao Tome & Principe
80%
St. Kitts & Nevis
80%
Tuvalu
80%
Solomon Islands
79%
No matching quizzes found
Score Distribution
Percent of People with Each Score
Percentile by Number Answered
Your Score History
You have not taken this quiz since the last reset